Management and entrepreneurship (Record no. 184103)
[ view plain ]
| 000 -LEADER | |
|---|---|
| fixed length control field | 00435nam a2200157Ia 4500 |
| 005 - DATE AND TIME OF LATEST TRANSACTION | |
| control field | 20250421165753.0 |
| 008 - FIXED-LENGTH DATA ELEMENTS--GENERAL INFORMATION | |
| fixed length control field | 231217s9999 xx 000 0 und d |
| 020 ## - INTERNATIONAL STANDARD BOOK NUMBER | |
| International Standard Book Number | 9788190675789 |
| 082 ## - DEWEY DECIMAL CLASSIFICATION NUMBER | |
| Classification number | 658.42 NAI;1 R |
| 100 ## - MAIN ENTRY--PERSONAL NAME | |
| Personal name | Naidu, N V R. Rao, Krishna T. |
| 245 #0 - TITLE STATEMENT | |
| Title | Management and entrepreneurship |
| 260 ## - PUBLICATION, DISTRIBUTION, ETC. (IMPRINT) | |
| Date of publication, distribution, etc. | 2008 |
| Name of publisher, distributor, etc. | I K International |
| Place of publication, distribution, etc. | New Delhi |
| 300 ## - PHYSICAL DESCRIPTION | |
| Extent | xvi, 272 |
| 650 ## - SUBJECT ADDED ENTRY--TOPICAL TERM | |
| Topical term or geographic name as entry element | management,entrepreneurship |
| 942 ## - ADDED ENTRY ELEMENTS (KOHA) | |
| Koha item type | Books |
| Date last seen | Total Checkouts | Full call number | Accession number | Old discount | Price effective from | Category | Lost status | Damaged status | Department | Withdrawn status | bill date | Permanent Location | Current Location | Shelving location | Entry date | Vendor | Grants | Currency symbol | Conversion rate | Discount | Discount type | Cost, replacement price | Public note | bill no. | Cost, normal purchase price |
|---|---|---|---|---|---|---|---|---|---|---|---|---|---|---|---|---|---|---|---|---|---|---|---|---|---|
| 26/01/2024 | 658.42 NAI;1 R | 56091 | 26/01/2024 | Books | Central Library | 26/04/2013 | Central Library | Central Library | Central Library | 11/09/2009 | Publisher | DONATED | RS | 1 | Rupees | ||||||||||
| 26/01/2024 | 658.42 NAI;2 R1 | 78115 | 26/01/2024 | Books | Central Library | 21/04/2016 | Central Library | Central Library | Central Library | 20/04/2011 | Publisher | DONATED | RS | 1 | Rupees | ||||||||||
| 26/01/2024 | 658.42 NAI;3 | 78122 | 26/01/2024 | Books | Central Library | 21/04/2016 | Central Library | Central Library | Central Library | 20/04/2011 | Publisher | DONATED | RS | 1 | Rupees | ||||||||||
| 26/01/2024 | 658.42 NAI;4 | 78286 | 26/01/2024 | Books | Central Library | 13/05/2016 | Central Library | Central Library | Central Library | 09/05/2011 | Publisher | DONATED | RS | 1 | Rupees | ||||||||||
| 26/01/2024 | 658.42 NAI;5 | 78551 | 26/01/2024 | Books | Central Library | 03/05/2016 | Central Library | Central Library | Central Library | 01/06/2011 | Publisher | DONATED | RS | 1 | Rupees | ||||||||||
| 26/01/2024 | 658.42 NAI;6 | 79974 | 26/01/2024 | Books | Information Science | 28/12/2016 | Central Library | Central Library | Information Science | 16/11/2011 | Publisher | DONATED | RS | 1 | Rupees | ||||||||||
| 26/01/2024 | 658.42 NAI;7 | 81283 | 12 | 26/01/2024 | Books | Central Library | 01/07/2017 | Central Library | Central Library | SC-ST | 23/05/2012 | Sapna Book House | SC-ST | RS | 1 | 17.4 | Rupees | 127.60 | SC-ST(1932) | SBH/CRB/078761 | 145.00 | ||||
| 26/01/2024 | 658.42 NAI;8 | 87806 | 26/01/2024 | Books | Information Science | Central Library | Central Library | Information Science | 02/12/2013 | DONATED | RS | 1 | Rupees | ||||||||||||
| 26/01/2024 | 658.42 NAI;9 | 88673 | 26/01/2024 | Books | Central Library | Central Library | Central Library | Central Library | 19/05/2014 | DONATED | RS | 1 | Rupees |
